Sudanese-Egyptian relations : a chronological and analytical study.

Bibliographic Details
Main Author: Baddour, Abd el-Fattah Ibrahim el-Sayed, 1927-
Format: Book
Language:English
Published: The Hague : M. Nijhoff, 1960.
Subjects:

MARC

Tag First Indicator Second Indicator Subfields
LEADER 00000cam a2200000 4500
001 in00000060549
005 20151007082658.0
008 740710s1960 eng u
010 |a  60052162  
035 |a (OCoLC)00942123 
035 |9 AAF8251AM 
040 |c TOL  |d TXA  |d UtOrBLW 
049 |a TXAM  |c [332765] 
050 0 0 |a DT82.5.S8  |b B3 1960 
092 |a 327.62  |b B132s 
100 1 |a Baddour, Abd el-Fattah Ibrahim el-Sayed,  |d 1927- 
245 1 0 |a Sudanese-Egyptian relations :  |b a chronological and analytical study. 
264 1 |a The Hague :  |b M. Nijhoff,  |c 1960. 
336 |a text  |b txt  |2 rdacontent 
337 |a unmediated  |b n  |2 rdamedia 
338 |a volume  |b nc  |2 rdacarrier 
651 0 |a Egypt  |x Foreign relations  |z Sudan. 
651 0 |a Sudan  |x Foreign relations  |z Egypt. 
999 |a MARS 
999 f f |s 69995f3d-2505-30ed-a2ad-05781772803a  |i 8c1c47c6-856a-360b-b6cf-135e632ddea1  |t 0 
952 f f |p ric  |a Texas A&M University  |b Rellis Campus  |c Joint Library Facility  |d Remote Storage  |t 0  |e DT82.5.S8 B3 1960  |h Library of Congress classification  |i unmediated -- volume  |m A14800676743 
998 f f |a DT82.5.S8 B3 1960  |t 0  |l Remote Storage